000 01711cam a22003614a 4500
001 17105356
003 OSt
005 20150408114202.0
008 120105s2013 maua 000 0 eng
010 _a 2012000035
020 _a9780123918550 (hardback)
040 _aDLC
_cDLC
_dDLC
042 _apcc
043 _an-us---
050 0 0 _aHV6773.2
_b.A47 2013
082 0 0 _a363.32590046780973
_222
_bAEC
100 1 _aAmoroso, Edward G.
_941813
245 1 0 _aCyber attacks :
_bprotecting national infrastructure /
_cEdward Amoroso, John R. Vacca..
250 _aStudent ed.
260 _aWaltham, MA :
_bButterworth-Heinemann,
_c2013.
300 _axv, 319 p. :
_bill. ;
_c24 cm.
505 8 _aMachine generated contents note: Chapter One: Introduction Chapter Two: Deception Chapter Three: Separation Chapter Four: Diversity Chapter Five: Consistency Chapter Six: Validation Chapter Seven: Collection Chapter Eight: Correlation Chapter Nine: Obscurity Chapter Ten: Awareness Chapter Eleven: Response Appendix A: Case Studies Appendix B: National Requirements.
520 _a"Ten basic principles that will reduce the risk of cyber attack to national infrastructure in a substantive manner"--
650 0 _aCyberterrorism
_zUnited States
_xPrevention.
_941814
650 0 _aComputer networks
_xSecurity measures.
650 0 _aCyberspace
_xSecurity measures.
_941815
650 0 _aComputer crimes
_zUnited States
_xPrevention.
_941816
650 0 _aNational security
_zUnited States.
_941817
700 1 _aVacca, John R.
_941818
906 _a7
_bcbc
_corignew
_d1
_eecip
_f20
_gy-gencatlg
942 _2ddc
_cDVD
999 _c33039
_d267539